000 00480cam a2200217 4500
001 D11916
008 090401t1954 xxu||||| |||| 00| 0 eng d
035 _a(Sirsi) u255
041 _aeng
100 _aAdkin, B. W.
245 4 _aThe law of dilapidations
250 _a4th
260 _bEstates Gazette
_c1954
350 _a0
520 _aShelf 113
650 _aDOCTRINE OF WASTE
650 _aWASTE
700 _aWest, W.A (ed)
942 _n0
948 _c04/03/1997
999 _c85506
_d85506